Guess the ZAYN song with no hints #1 - Statistics

General Stats
  • This quiz has been taken 25 times
  • The average score is 70 of 174
Answer Stats
Answer % Correct
I
100%
I,
100%
you
96%
a
91%
love
83%
me
74%
the
74%
be
70%
to
70%
it
65%
And
57%
on
52%
all
48%
in
48%
like
48%
us
48%
baby
43%
there
43%
there,
43%
way
43%
with
43%
for
39%
right
39%
at
35%
Feel
35%
how
35%
Oh-oh,
35%
oh-oh
35%
too
35%
off
30%
somethin'
30%
Cause
26%
Feels
26%
make
26%
up
26%
Hey-hey-hey
22%
(Hey-hey-hey)
22%
There's
22%
across
17%
around
17%
Big
17%
Floatin'
17%
Maybe
17%
maybe
17%
outside
17%
sky
17%
stardust
17%
(Yeah,
17%
yeah,
17%
yeah)
17%
black
13%
cardboard
13%
Christmas
13%
cup
13%
Fallin'
13%
Funny
13%
Pretty
13%
Shootin'
13%
touch
13%
anywhere
9%
different
9%
Different
9%
Far
9%
found
9%
magazine
9%
moonlit
9%
perfume
9%
pick
9%
places
9%
scene
9%
wait
9%
No matching quizzes found
Score Distribution
Percent of People with Each Score
Percentile by Number Answered
Your Score History
You have not taken this quiz